000 00711nam a2200289Ia 4500
005 20260324135920.0
008 008 260324s9999 xx 000 0 eng d
020 _a9781315009155
037 _aEBOOK
040 _aCRL
040 _beng
040 _cCRL
041 _2eng
041 _aeng
084 _qCRL
100 _a Van Der Hoop, J H
_91202407
245 0 _aConscious Orientation
245 2 _bA Study of Personality Types in Relation to Neurosis and Psychosis
260 _bTaylor and Francis
260 _c1999
365 _a
365 _b540
856 _uhttp://www.taylorfrancis.com/books/9781315009155
942 _cEBOOK
999 _c1803956
_d1803956